Behavioral Insights for Public Policy Concepts and Cases
Uložené v:
| Ďalší autori: | |
|---|---|
| Médium: | Kniha |
| Jazyk: | English |
| Vydavateľské údaje: |
Abingdon
Routledge
2019
|
| Vydanie: | 1st Edition |
| Predmet: | |
| Tagy: |
Žiadne tagy, Buďte prvý, kto otaguje tento záznam!
|
MARC
| LEADER | 00000nam a2200000 4500 | ||
|---|---|---|---|
| 001 | 0259589 | ||
| 005 | 20240221113917.4 | ||
| 020 | |a 978-1-138-48423-8 | ||
| 020 | |a 978-1-138-48421-4 | ||
| 020 | |a 978-1-351-05254-2 | ||
| 041 | 0 | |a eng | |
| 044 | |a GB | ||
| 245 | 1 | 0 | |a Behavioral Insights for Public Policy |b Concepts and Cases |c Edited by Kai Ruggeri |
| 250 | |a 1st Edition | ||
| 264 | 1 | |a Abingdon |b Routledge |c 2019 | |
| 300 | |a 322 s. | ||
| 610 | 2 | 0 | |a politika verejná |
| 610 | 2 | 0 | |a ekonómia behaviorálna |
| 610 | 2 | 0 | |a psychológia |
| 610 | 2 | 0 | |a rozhodovanie |
| 610 | 2 | 0 | |a starostlivosť o zdravie |
| 610 | 2 | 0 | |a energia |
| 610 | 2 | 0 | |a vzdelanie |
| 610 | 2 | 0 | |a miesta pracovné |
| 610 | 2 | 0 | |a komunikácia |
| 610 | 2 | 0 | |a organizácie |
| 610 | 2 | 0 | |a štúdie prípadové |
| 700 | 1 | |a Ruggeri, Kai | |